[Event "Dieren op"]
[Site "Dieren"]
[Date "1998.07.23"]
[Round "3"]
[White "Golod, Vitali"]
[Black "Sorkin, Igor"]
[Result "1/2-1/2"]
[WhiteElo "2555"]
[BlackElo "2310"]

1.d4 Nf6 2.c4 g6 3.Nc3 Bg7 4.e4 d6 5.Nf3 O-O 6.Be2 e5 7.O-O exd4 8.Nxd4 Re8
9.f3 Nc6 10.Be3 Nh5 11.Qd2 Nf4 12.Nxc6 Nxe2+ 13.Nxe2 bxc6 14.Bd4 c5 15.Bxg7 Kxg7
16.Nc3 Bb7 17.Nd1 a5 18.Ne3 Qf6 19.Rad1 h5 20.Rf2 Qe5 21.Qc1 a4 22.Re2 Rab8
23.Qc2 Ra8 24.Qc1 Rab8 25.Nd5 Bxd5 26.Rxd5 Qe6 27.Qc3+ Qf6 28.Qxf6+ Kxf6
29.Kf2 Rb4 30.Rc2 Reb8 31.Rdd2 Ke5 32.Ke3 f5 33.exf5 Kxf5 34.Kd3 Re8 35.Rd1 Kf4
36.Kc3 h4 37.Rf2 Re3+ 38.Rd3 Re1 39.b3 axb3  1/2-1/2

[Event "RUS-ch51"]
[Site "St Petersburg"]
[Date "1998.07.30"]
[Round "3"]
[White "Lugovoi, Aleksei"]
[Black "Dolmatov, Sergey"]
[Result "1/2-1/2"]
[WhiteElo "2525"]
[BlackElo "2575"]

1.d4 Nf6 2.c4 g6 3.Nc3 Bg7 4.e4 d6 5.Nf3 O-O 6.Be2 e5 7.d5 a5 8.Bg5 h6 9.Bh4 Na6
10.O-O Qe8 11.Nd2 Bd7 12.Kh1 Nh7 13.b3 h5 14.f3 Bf6 15.Bf2 Qe7 16.a3 Bg5
17.Rb1 h4 18.b4 b6 19.c5 bxc5 20.b5 Nb8 21.Nc4 Rd8 22.b6 Be8 23.bxc7 Qxc7
24.Nb5 Bxb5 25.Rxb5 Nd7 26.Be1 Ndf6 27.Bxa5 Qe7 28.Bxd8 Rxd8 29.Qc2 Nh5 30.Rfb1 Bf4
31.Rb8 Rxb8 32.Rxb8+ Kg7 33.Rb3  1/2-1/2

[Event "Hans & Lenze"]
[Site "Lippstadt"]
[Date "1998.07.31"]
[Round "2"]
[White "Giorgadze, Giorgi"]
[Black "Kindermann, Stefan"]
[Result "1/2-1/2"]
[WhiteElo "2605"]
[BlackElo "2565"]

1.d4 Nf6 2.c4 g6 3.Nc3 Bg7 4.e4 d6 5.Nf3 O-O 6.Be2 e5 7.Be3 Na6 8.O-O Ng4
9.Bg5 Qe8 10.dxe5 dxe5 11.Nd2 f6 12.Bh4 Nh6 13.Nb3 c6 14.c5 Nc7 15.Bc4+ Be6
16.Qe2 b5 17.cxb6 axb6 18.f3 b5 19.Bxe6+ Nxe6 20.Bf2 Qe7 21.Qc2 Rfc8 22.a4 bxa4
23.Nxa4 Nf7 24.Nb6 Rxa1 25.Rxa1 Rc7 26.Nc5 Nfd8 27.Rd1 Bf8 28.Nbd7 Qf7 29.Nxf8 Kxf8
30.Rd6 Kg7 31.Nxe6+ Nxe6 32.Rxc6 Rd7 33.Qb3 Nf4 34.Qa4 Rd2 35.Ra6 Rxb2 36.Ra7  1/2-1/2

[Event "BCF-ch"]
[Site "Torquay"]
[Date "1998.07.31"]
[Round "5"]
[White "Beaumont, Chris"]
[Black "Buckley, Simon T"]
[Result "1/2-1/2"]
[WhiteElo "2335"]
[BlackElo "2105"]

1.d4 Nf6 2.c4 g6 3.Nc3 Bg7 4.e4 d6 5.Be2 O-O 6.Nf3 e5 7.O-O Nh5 8.g3 Bh3
9.Re1 exd4 10.Nxd4 Nf6 11.Bg5 h6 12.Be3 Re8 13.Qd2 Kh7 14.f3 Nbd7 15.Rad1 Ne5
16.Nc2 Qe7 17.Bf2 h5 18.Be3 Nfd7 19.Nd5 Qd8 20.Nf4 Be6 21.Nxe6 Rxe6 22.Kg2 Qe8
23.Nd4 Re7 24.Nb5 Nc5 25.Nc3 Ne6 26.Bg1 Nc6 27.Bf1 Qh8 28.Nd5 Rd7 29.b3 Ncd4
30.f4 c6 31.f5 cxd5 32.fxe6 Nxe6 33.exd5 Nc5 34.Qe3 Rdd8 35.Qf3 Qf8 36.Bf2 Nd7
37.Bd3 Kg8 38.Bc2 Ne5 39.Qf4 Re8 40.h3 Bh6 41.Qh4 Rac8 42.Bb1 Bg7 43.Bxa7 f5
44.Bf2 Bh6 45.c5 f4 46.gxf4 Bxf4 47.Be4 Qf7 48.Be3 Ng4 49.hxg4 Rxe4 50.Bxf4 Rxf4
51.Rf1 Rxc5 52.Qg5 Rc2+ 53.Kg1 Rff2 54.gxh5 Qf3  1/2-1/2

[Event "BCF-ch"]
[Site "Torquay"]
[Date "1998.08.03"]
[Round "7"]
[White "Kelly, Bryan"]
[Black "Thipsay, Praveen Mahadeo"]
[Result "0-1"]
[WhiteElo "2390"]
[BlackElo "2515"]

1.d4 Nf6 2.c4 g6 3.Nc3 Bg7 4.e4 d6 5.Nf3 O-O 6.Be2 Na6 7.O-O e5 8.Be3 Ng4
9.Bg5 Qe8 10.h3 h6 11.Bc1 Nf6 12.dxe5 dxe5 13.Be3 b6 14.a3 Bb7 15.Qc2 Nc5
16.Nd5 Rc8 17.Nd2 Nfd7 18.b4 Ne6 19.Qa4 c6 20.Nc3 Ra8 21.c5 Nd4 22.Rac1 Qe7
23.Bxd4 exd4 24.Ncb1 Rfd8 25.Rfd1 bxc5 26.bxc5 d3 27.Bf1 Nxc5 28.Qb4 Bd4
29.Nb3 a5 30.Nxa5 Qf6 31.Rd2 Rxa5 32.Qxa5 Nb3 33.e5 Qe7  0-1

[Event "Eikrem mem"]
[Site "Gausdal"]
[Date "1998.08.04"]
[Round "4"]
[White "Dannevig, Oystein"]
[Black "Trygstad, Kristian"]
[Result "1/2-1/2"]
[WhiteElo "2340"]
[BlackElo "2255"]

1.Nf3 Nf6 2.c4 g6 3.Nc3 Bg7 4.e4 d6 5.d4 O-O 6.Be2 e5 7.O-O Na6 8.Be3 Ng4
9.Bg5 Qe8 10.dxe5 h6 11.Bc1 dxe5 12.h3 Nf6 13.Be3 Nh5 14.c5 Nf4 15.Bxa6 bxa6
16.Nd5 Nxd5 17.Qxd5 Be6 18.Qb7 Qb5 19.Qxc7 Rfc8 20.Qd6 Rd8 21.a4 Qb7 22.c6 Rxd6
23.cxb7 Rb8 24.Bxa7 Rxb7 25.Bc5 Rc6 26.b4 a5 27.Rfb1 f5 28.Nd2 fxe4 29.Nxe4 axb4
30.Rxb4 Rxb4 31.Bxb4 Rc4 32.Nc5 Bc8 33.Rd1 Rxb4 34.Rd8+ Bf8 35.Rxc8 Rc4 36.Rxf8+ Kxf8
37.Nd7+ Kg7 38.Nxe5 Rxa4 39.g3 g5 40.Kg2 Ra2  1/2-1/2

[Event "RUS-ch51"]
[Site "St Petersburg"]
[Date "1998.08.04"]
[Round "8"]
[White "Bareev, Evgeny"]
[Black "Poluljahov, Aleksandr"]
[Result "1-0"]
[WhiteElo "2690"]
[BlackElo "2530"]

1.d4 Nf6 2.c4 g6 3.Nc3 Bg7 4.e4 O-O 5.Nf3 d6 6.Be2 e5 7.O-O exd4 8.Nxd4 Re8
9.f3 c6 10.Kh1 Nh5 11.g4 Nf6 12.Bf4 h5 13.g5 Nh7 14.Qd2 Na6 15.Rad1 Qe7 16.Rg1 Nf8
17.Bf1 Nd7 18.Bg3 Nb6 19.b3 Nc5 20.Bg2 Be5 21.f4 Bg7 22.f5 Be5 23.Bxe5 dxe5
24.Nf3 gxf5 25.Nh4 f4 26.Qe2 Bg4 27.Bf3 Rad8 28.Bxg4 hxg4 29.Qxg4 Rxd1 30.Qxd1 Qd7
31.Qh5 Nd3 32.Nd1 Qd4 33.g6 Qxe4+ 34.Nf3 fxg6 35.Rxg6+ Kf8 36.Rf6+ Ke7 37.Qf7+  1-0

[Event "RUS-ch51"]
[Site "St Petersburg"]
[Date "1998.08.04"]
[Round "8"]
[White "Popov, Valerij"]
[Black "Glek, Igor V"]
[Result "1/2-1/2"]
[WhiteElo "2520"]
[BlackElo "2580"]

1.d4 Nf6 2.Nf3 g6 3.c4 Bg7 4.Nc3 O-O 5.e4 d6 6.Be2 e5 7.O-O exd4 8.Nxd4 Re8
9.f3 c6 10.Kh1 Nh5 11.g4 Nf6 12.Bg5 h6 13.Bh4 Na6 14.Rc1 Qe7 15.Rc2 Bd7 16.Rd2 Rad8
17.Ndb5 cxb5 18.Nd5 Nxd5 19.Bxe7 Nxe7 20.Rxd6 Nb8 21.cxb5 Be5 22.Rd2 Bf4
23.Rd4 g5 24.Bc4 Ng6 25.Bd5 Bxb5 26.Bxf7+ Kxf7 27.Rxd8 Rxd8 28.Qb3+ Kg7 29.Qxb5 Rd2
30.Qxb7+ Nd7 31.Qxa7 Nh4 32.b4 Kg6 33.b5 Rxh2+ 34.Kg1 Rg2+ 35.Kh1 Rd2 36.a4 Nf6
37.Qe7 Rh2+ 38.Kg1 Rg2+ 39.Kh1 Rg3 40.e5 Rh3+ 41.Kg1 Be3+ 42.Rf2 Rxf3 43.exf6 Bxf2+
44.Kh2 Bg3+ 45.Kg1 Bf2+ 46.Kh2 Bg3+ 47.Kg1 Bf2+  1/2-1/2

[Event "MK Cafe Cup-A"]
[Site "Koszalin"]
[Date "1998.08.05"]
[Round "3"]
[White "Ftacnik, Lubomir"]
[Black "McNab, Colin Anderson"]
[Result "1-0"]
[WhiteElo "2585"]
[BlackElo "2445"]

1.d4 d6 2.Nf3 g6 3.c4 Nd7 4.Nc3 Bg7 5.e4 e5 6.Be2 Ngf6 7.O-O O-O 8.Be3 Re8
9.Qc2 c6 10.d5 Ng4 11.Bg5 f6 12.Bd2 Nf8 13.h3 Nh6 14.c5 Nf7 15.dxc6 bxc6
16.cxd6 Qxd6 17.Rfd1 f5 18.Bc4 Be6 19.Bh6 Qe7 20.Bxg7 Kxg7 21.Bxe6 Qxe6 22.Na4 Rad8
23.Nc5 Qf6 24.Qa4 Rxd1+ 25.Rxd1 Re7 26.a3 Nd6 27.exf5 gxf5 28.Qxc6 Nf7 29.Qc8 Ng6
30.b4 Nf4 31.Nd7 Qe6 32.Qf8+ Kg6 33.Qg8+ Kh5 34.Ndxe5  1-0

[Event "Stockholm op (Women)"]
[Site "Stockholm"]
[Date "1998.08.05"]
[Round "5"]
[White "Henc, Renata"]
[Black "Paasikangas, Johanna"]
[Result "1-0"]
[WhiteElo "2195"]
[BlackElo "2265"]

1.d4 Nf6 2.Nf3 g6 3.c4 Bg7 4.Nc3 O-O 5.e4 d6 6.Be2 e5 7.d5 Nh5 8.g3 Bh3 9.Ng5 Bd7
10.Bxh5 gxh5 11.Qxh5 h6 12.Nf3 Kh7 13.Nh4 Qe8 14.Nf5 Bxf5 15.Qxf5+ Kg8 16.g4 f6
17.Rg1 a6 18.Rg3 Kf7 19.g5 hxg5 20.Bxg5 Rh8 21.Be3 Bf8 22.h3 Nd7 23.O-O-O Ke7
24.Rdg1 Qf7 25.b4 b6 26.c5 Rh5 27.Qf3 bxc5 28.bxc5 Nxc5 29.Bxc5 dxc5 30.Rg6 Bh6+
31.Kc2 Rg5 32.d6+ cxd6 33.Nd5+ Ke8 34.Rxf6 Qg7 35.Rb1 Rd8 36.Re6+ Kd7 37.Re7+  1-0

[Event "Cardoza US op"]
[Site "Kona"]
[Date "1998.08.06"]
[Round "6"]
[White "Terrie, Henry L"]
[Black "Felecan, Florin"]
[Result "0-1"]
[WhiteElo "2155"]
[BlackElo "2380"]

1.c4 g6 2.Nc3 Bg7 3.Nf3 d6 4.d4 Nf6 5.e4 O-O 6.Be2 e5 7.dxe5 dxe5 8.Qxd8 Rxd8
9.Bg5 c6 10.Nxe5 Re8 11.O-O-O Na6 12.f4 h6 13.Bh4 g5 14.Bg3 Nc5 15.Bf3 g4
16.Bf2 gxf3 17.Bxc5 fxg2 18.Rhg1 Nh5 19.Be3 Bh3 20.Rd3 Rad8 21.Rxd8 Rxd8
22.Nd1 Bxe5 23.fxe5 Kh7 24.Nf2 Be6 25.b3 Rg8 26.Kd2 b5 27.cxb5 cxb5 28.Ke2 Rc8
29.Kd2 Rg8 30.Ke2 a5 31.Kf3 a4 32.bxa4 bxa4 33.a3 Bc4 34.Bc5 Bf1 35.Ng4 Rb8
36.Ne3 Rb3 37.Kf2 Nf4 38.Nxf1 gxf1=Q+ 39.Kxf1 Rb1+ 40.Kf2 Nh3+ 41.Kg2 Nxg1
42.Bxg1 Rb2+ 43.Kh1 Rc2 44.Bd4 Rc4 45.Bb2 Rxe4 46.Kg1 Re2  0-1

[Event "MK Cafe Cup-A"]
[Site "Koszalin"]
[Date "1998.08.06"]
[Round "4"]
[White "Cyborowski, Lukasz"]
[Black "Grabarczyk, Miroslaw"]
[Result "0-1"]
[WhiteElo "2390"]
[BlackElo "2470"]

1.c4 g6 2.d4 Bg7 3.Nc3 Nf6 4.Nf3 O-O 5.e4 d6 6.Be2 e5 7.O-O exd4 8.Nxd4 Nc6
9.Nc2 Re8 10.f3 Nh5 11.g4 Nf6 12.Be3 h5 13.h3 Nh7 14.Qd2 f5 15.exf5 gxf5
16.g5 f4 17.Bxf4 Bxh3 18.Rf2 Bf5 19.Rg2 Qd7 20.Nd5 Kh8 21.Nce3 Nd4 22.Re1 c6
23.Nc3 Bg6 24.Bh2 Qe7 25.Bd1 Nxg5 26.Kh1 Ngxf3 27.Bxf3 Nxf3 28.Qe2 Nxe1 29.Rxg6 Qxe3  0-1

[Event "MK Cafe Cup-A"]
[Site "Koszalin"]
[Date "1998.08.06"]
[Round "4"]
[White "Gleizerov, Evgeny"]
[Black "Zielinska, Marta"]
[Result "1/2-1/2"]
[WhiteElo "2535"]
[BlackElo "2365"]

1.d4 d6 2.Nf3 Nf6 3.c4 g6 4.Nc3 Bg7 5.e4 O-O 6.Be2 e5 7.O-O Na6 8.Be3 c6
9.d5 Ng4 10.Bg5 f6 11.Bc1 c5 12.Ne1 Nh6 13.Nd3 Nf7 14.Rb1 Bd7 15.a3 Qc8 16.b4 b6
17.Be3 f5 18.bxc5 bxc5 19.f3 Bf6 20.Qb3 f4 21.Bd2 Nc7 22.Rb2 h5 23.Rfb1 g5
24.Nd1 Nd8 25.h3 Kh8 26.N3f2 Rg8 27.Qd3 Be7 28.Nc3 Ne8 29.Bd1 Qa6 30.Nb5 Nf7
31.Qb3 Qc8 32.Ba5 Qa6 33.Be1 Qc8 34.a4 Nf6 35.Na3 g4 36.hxg4  1/2-1/2

[Event "North Bay op"]
[Site "North Bay"]
[Date "1998.08.07"]
[Round "6"]
[White "Dougherty, Michael"]
[Black "Jackson, R."]
[Result "1/2-1/2"]
[WhiteElo "2295"]
[BlackElo "2220"]

1.d4 Nf6 2.Nf3 g6 3.c4 Bg7 4.Nc3 O-O 5.e4 d6 6.Be2 e5 7.d5 a5 8.Bg5 h6 9.Bh4 Na6
10.Nd2 Nc5 11.Qc2 Bd7 12.b3 Qe8 13.O-O g5 14.Bg3 Nfxe4 15.Ndxe4 Nxe4 16.Nxe4 f5
17.Bd3 fxe4 18.Bxe4 b6 19.a3 Qf7 20.f3 Bf5 21.Rae1 Qg6 22.b4 Bxe4 23.Rxe4 axb4
24.axb4 Ra3 25.Rc1 Rfa8 26.c5 Ra2 27.Qc4 bxc5 28.bxc5 Rb2 29.cxd6 cxd6 30.Re2 Rb1
31.Rxb1 Qxb1+ 32.Be1 Bf8 33.h4 Qd1 34.Qc2 Qxc2 35.Rxc2 Ra1 36.Kf2 Rd1 37.Rd2 Rb1
38.hxg5 hxg5 39.Ke2 Rb5 40.Ke3 Kf7 41.Rd3 Rc5  1/2-1/2

[Event "RUS-ch51"]
[Site "St Petersburg"]
[Date "1998.08.07"]
[Round "11"]
[White "Shipov, Sergei"]
[Black "Svidler, Peter"]
[Result "1/2-1/2"]
[WhiteElo "2635"]
[BlackElo "2710"]

1.d4 Nf6 2.c4 g6 3.Nc3 Bg7 4.e4 O-O 5.Nf3 d6 6.Be2 Na6 7.O-O e5 8.Be3 Ng4
9.Bg5 Qe8 10.dxe5 h6 11.Bd2 dxe5 12.h3 Nf6 13.Be3 Qe7 14.a3 c6 15.b4 Nh5
16.c5 Rd8 17.Qc1 Kh7 18.Rd1 Be6 19.Qc2 Nc7  1/2-1/2

[Event "BCF-ch"]
[Site "Torquay"]
[Date "1998.08.07"]
[Round "11"]
[White "Knott, Simon JB"]
[Black "Buckley, Graeme"]
[Result "1-0"]
[WhiteElo "2350"]
[BlackElo "2315"]

1.c4 Nf6 2.Nc3 g6 3.e4 d6 4.d4 Bg7 5.Nf3 O-O 6.Be2 e5 7.O-O Nbd7 8.Qc2 c6
9.Rd1 Qe7 10.d5 c5 11.Bg5 h6 12.Bd2 Ne8 13.g3 Ndf6 14.Rab1 b6 15.b4 Nh5 16.a4 Kh7
17.Ne1 f5 18.exf5 Bxf5 19.Bd3 Qf7 20.f3 Qd7 21.Ne4 Nef6 22.Nf2 Rae8 23.Ng2 Bxd3
24.Qxd3 e4 25.fxe4 Ng4 26.Nxg4 Qxg4 27.Rf1 Rxf1+ 28.Rxf1 Nf6 29.bxc5 Nxe4
30.cxd6 Nxd2 31.Qxd2 Qxc4 32.Nf4 Qc5+ 33.Kg2 Qxd6 34.Rd1 Re4 35.Qc2 Rb4 36.Qc6 Be5
37.Qb7+ Kg8 38.Rc1 Rxf4 39.gxf4 Bg7 40.Rf1 Qb4 41.Qc8+ Kh7 42.Qe6 Qxa4 43.d6 Qc6+
44.Rf3 a5 45.f5 gxf5 46.Qxf5+ Kh8 47.d7 Qd6 48.Qf7 Kh7 49.Rg3  1-0

[Event "Kfar Saba op 16th"]
[Site "Kfar Saba"]
[Date "1998.08.08"]
[Round "4"]
[White "Golod, Vitali"]
[Black "Bitansky, Igor"]
[Result "1-0"]
[WhiteElo "2555"]
[BlackElo "2325"]

1.d4 Nf6 2.c4 g6 3.Nc3 Bg7 4.e4 d6 5.Nf3 O-O 6.Be2 Nbd7 7.O-O e5 8.Be3 c6
9.Qc2 Ng4 10.Bg5 Bf6 11.Bxf6 Ngxf6 12.Rad1 Qe7 13.Rfe1 Nh5 14.g3 Re8 15.Qd2 Ng7
16.b4 Qf6 17.b5 exd4 18.Nxd4 Nc5 19.bxc6 Nxe4 20.Nxe4 Rxe4 21.Nb5 bxc6 22.Nxd6 Re7
23.Bf1 Rxe1 24.Rxe1 Be6 25.Bg2 Rd8 26.Rd1 Qe5 27.Bf3 c5 28.Nxf7 Rxd2 29.Nxe5 Rxd1+
30.Bxd1 Nf5 31.Bg4 Kg7 32.f4 Kf6 33.Kf2 g5 34.Bxf5 Kxf5 35.Ke3 gxf4+ 36.gxf4 h5
37.a3 Bg8 38.Nc6 Bxc4 39.Nxa7 Ba6 40.a4 h4 41.Nb5 Kg4 42.Nd6 c4 43.f5 Kg5
44.Kd4 Kf6 45.a5 c3 46.Kxc3 Ke5 47.Ne4 Kxf5 48.Kd4 Kg4 49.Nd2 Bb7 50.Ke3 Kh3
51.Nf3 Kg4 52.Ng1 Ba6 53.Kf2 Bb5 54.Nf3 Ba6 55.Nd4 Kf4 56.Ne6+ Ke5 57.Nc7  1-0

[Event "MK Cafe Cup-A"]
[Site "Koszalin"]
[Date "1998.08.08"]
[Round "6"]
[White "Khenkin, Igor"]
[Black "Markowski, Tomasz"]
[Result "1-0"]
[WhiteElo "2600"]
[BlackElo "2525"]

1.d4 d6 2.Nf3 Nf6 3.c4 g6 4.Nc3 Bg7 5.e4 O-O 6.Be2 Na6 7.O-O e5 8.Re1 c6
9.Rf1 exd4 10.Nxd4 Ng4 11.h3 Qb6 12.hxg4 Qxd4 13.g5 Qxd1 14.Rxd1 Be5 15.Na4 Nb4
16.a3 Nc2 17.Ra2 b5 18.b4 Nd4 19.Be3 Bg4 20.Rd3 Be6 21.Bxd4 Bxc4 22.Bxe5 dxe5
23.Nc3 Bxd3 24.Bxd3 a5 25.bxa5 Rxa5 26.Kf1 Rfa8 27.Nb1 b4 28.Ke2 bxa3 29.Nd2 Kg7
30.Nc4 Rc5 31.Rxa3 Rxa3 32.Nxa3 h6 33.gxh6+ Kxh6 34.Nc4 Kg7 35.g3 Rb5 36.Ke3 g5
37.Kd2 f6 38.Kc3 Rb8 39.Bc2 Ra8 40.Kb4 Ra1 41.Ne3 Ra8 42.Kc5 Rd8 43.Ba4 Rd2
44.Ng4 Kf7 45.Bxc6 Ke7 46.Bd5 Rc2+ 47.Kb4 Kd6 48.Bc4 Ke7 49.Kb3 Rd2 50.Kc3 Rd8
51.Bd5 Rb8 52.Kd3 Rb6 53.Ne3 Kf8 54.Nf5 Ra6 55.Ke2 Ra3 56.Kf1 Rc3 57.Kg2 Ra3
58.Kh3 Rf3 59.Ne3 Rxf2 60.Ng4 Rf1 61.Kg2 Ra1 62.Nxf6 Ke7 63.Ng8+ Kf8 64.Kf3  1-0

[Event "MK Cafe Cup-A"]
[Site "Koszalin"]
[Date "1998.08.08"]
[Round "6"]
[White "Volzhin, Alexander"]
[Black "Movsesian, Sergei"]
[Result "1/2-1/2"]
[WhiteElo "2530"]
[BlackElo "2640"]

1.Nf3 Nf6 2.c4 g6 3.Nc3 Bg7 4.e4 d6 5.d4 O-O 6.Be2 Na6 7.O-O e5 8.Re1 Qe8
9.Bf1 Bg4 10.d5 Nb4 11.Be2 a5 12.Be3 b6 13.h3 Bd7 14.Nd2 Na6 15.b3 Kh8 16.a3 Ng8
17.Rb1 f5 18.f3 Nf6 19.b4 f4 20.Bf2 g5 21.Nf1 h5 22.Nh2 Rg8 23.c5 axb4 24.cxb6 cxb6
25.axb4 b5 26.Qd3 Nc7 27.Ra1 Qb8 28.Rec1 Qb7 29.Qd1 Rgc8 30.Rxa8 Rxa8  1/2-1/2

[Event "ARG-ch97"]
[Site "Villa Martelli"]
[Date "1998.08.08"]
[Round "2"]
[White "Quiroga, Facundo"]
[Black "Sorin, Ariel"]
[Result "1/2-1/2"]
[WhiteElo "2380"]
[BlackElo "2460"]

1.d4 Nf6 2.c4 g6 3.Nc3 Bg7 4.e4 d6 5.Nf3 O-O 6.Be2 Nbd7 7.O-O e5 8.Re1 c6
9.Bf1 exd4 10.Nxd4 Re8 11.Bf4 Nc5 12.Qc2 Ng4 13.Rad1 Bxd4 14.Rxd4 Qf6 15.Ne2 Nxf2
16.Kxf2 g5 17.Rxd6 Qe7 18.e5 gxf4 19.Nxf4 Qg5 20.g3 Bf5 21.Bd3 Bxd3 22.Nxd3 Nxd3+
23.Qxd3  1/2-1/2

[Event "MK Cafe Cup-A"]
[Site "Koszalin"]
[Date "1998.08.09"]
[Round "7"]
[White "Radziewicz, Iweta"]
[Black "Umanskaya, Irina"]
[Result "1/2-1/2"]
[WhiteElo "2425"]
[BlackElo "2325"]

1.Nf3 Nf6 2.c4 g6 3.Nc3 Bg7 4.e4 d6 5.d4 O-O 6.Be2 e5 7.d5 Na6 8.Be3 Ng4
9.Bg5 f6 10.Bh4 Nh6 11.Nd2 Qe8 12.g4 c5 13.a3 Qd7 14.h3 Nf7 15.Bd3 Qd8 16.Bg3 Bh6
17.h4 Bf4 18.Nf1 Bd7 19.Qe2 Qa5 20.Rd1 Rab8 21.Ne3 Nh6 22.Rg1 Bxe3 23.Qxe3 Nxg4
24.Qd2 Kg7 25.f3 Nh6 26.Bf2 Nf7 27.Be3 Kh8 28.Qh2 Qd8 29.Rd2 Rg8 30.Bf1 Nc7
31.b4 b6 32.Nd1 a5 33.b5 Ne8 34.h5 g5 35.Bh3 Bxh3 36.Qxh3 Qc8 37.Qg4 Nh6
38.Qg2 Rb7 39.Qh1 Rbg7 40.Rdg2 Qd7 41.Bc1 Qc8 42.Rg3  1/2-1/2

[Event "Budapest FS08 IM-A"]
[Site "Budapest"]
[Date "1998.08.11"]
[Round "11"]
[White "Dobos, Jozsef"]
[Black "Baches Garcia, Guillermo"]
[Result "1/2-1/2"]
[WhiteElo "2385"]
[BlackElo "2325"]

1.d4 Nf6 2.c4 g6 3.Nc3 Bg7 4.e4 d6 5.Nf3 O-O 6.Be2 e5 7.d5 a5 8.h3 Na6 9.Bg5 h6
10.Be3 Nc5 11.Nd2 Bd7 12.O-O Qb8 13.b3 c6 14.a3 cxd5 15.cxd5 Rc8 16.b4 Nd3
17.Bxd3 Rxc3 18.Be2 b5 19.Qb1 Qc7 20.a4 Rb8 21.axb5 Bxb5 22.Bxb5 Rxb5 23.Rxa5 Rb7
24.Ra8+ Kh7 25.Re1 Nh5 26.b5 Nf4 27.b6 Qe7 28.Bxf4 exf4 29.Nf3 Rxf3 30.gxf3 Bd4
31.Qd3 Qe5 32.Qc4 Rxb6 33.Qc8 Qg7 34.Re2 h5  1/2-1/2

[Event "MK Cafe Cup-A"]
[Site "Koszalin"]
[Date "1998.08.11"]
[Round "9"]
[White "Zielinska, Marta"]
[Black "Kempinski, Robert"]
[Result "0-1"]
[WhiteElo "2365"]
[BlackElo "2545"]

1.d4 Nf6 2.Nf3 g6 3.c4 Bg7 4.Nc3 O-O 5.e4 d6 6.Be2 Na6 7.O-O e5 8.Re1 c6
9.Bf1 Bg4 10.d5 Nh5 11.h3 Bd7 12.Bg5 f6 13.Be3 c5 14.a3 b6 15.Rb1 Nc7 16.Kh1 Kh8
17.Ng1 Qe8 18.Be2 Nf4 19.Bg4 f5 20.exf5 gxf5 21.Bf3 Ng6 22.Bh5 Qd8 23.f4 Nxf4
24.Bxf4 exf4 25.Nf3 Qf6 26.Qe2 Ne8 27.Qe7 Qxe7 28.Rxe7 Nf6 29.Ng5 h6 30.Nf7+ Kg8
31.Nxd6 Nxh5 32.Rxd7 Ng3+ 33.Kh2 Rad8 34.Rxd8 Rxd8 35.Ndb5 Rd7 36.Na4 Ne4
37.Re1 Be5 38.Kg1 Rg7 39.Nac3 Nd2 40.Kh1 Nxc4 41.Nd1 Rd7  0-1

[Event "ESP-ch"]
[Site "Linares"]
[Date "1998.08.13"]
[Round "2"]
[White "Franco Ocampo, Zenon"]
[Black "Jimenez Bernal, Francisco"]
[Result "1-0"]
[WhiteElo "2485"]
[BlackElo "2080"]

1.Nf3 Nf6 2.c4 g6 3.Nc3 Bg7 4.e4 d6 5.d4 O-O 6.Be2 e5 7.d5 a5 8.Bg5 h6 9.Bh4 Na6
10.O-O Qe8 11.Nd2 Nh7 12.a3 Bd7 13.b3 h5 14.f3 Bh6 15.Kh1 Be3 16.Qc2 f5 17.exf5 gxf5
18.Rae1 Kh8 19.Bd3 Bc5 20.f4 e4 21.Ndxe4 fxe4 22.Nxe4 Bxa3 23.Ng3  1-0

[Event "Energy Cup"]
[Site "Olomouc"]
[Date "1998.08.14"]
[Round "7"]
[White "Obsivac, Josef"]
[Black "Helbich, Jan"]
[Result "1/2-1/2"]
[WhiteElo "2350"]
[BlackElo "2250"]

1.d4 Nf6 2.c4 g6 3.Nc3 Bg7 4.e4 d6 5.Be2 e5 6.Nf3 O-O 7.Be3 Ng4 8.Bg5 f6
9.Bh4 Nc6 10.d5 Ne7 11.Nd2 Nh6 12.f3 c5 13.a3 g5 14.Bf2 f5 15.b4 b6 16.Rb1 g4
17.bxc5 bxc5 18.O-O gxf3 19.Bxf3 Ng6 20.exf5 Nxf5 21.Nde4 Bh6 22.g3 Nge7
23.Qd3 Nd4 24.Bg2 Nef5 25.Nb5 Qe7 26.Nxc5 dxc5 27.d6 Nxd6 28.Nxd6 Qxd6 29.Bxd4 Bh3
30.Bxh3 Qxd4+ 31.Qxd4 exd4 32.Be6+ Kh8 33.Bf5 Rab8  1/2-1/2

[Event "Wch (Women) U26"]
[Site "Rotterdam"]
[Date "1998.08.14"]
[Round "4"]
[White "Lomineishvili, Maia"]
[Black "Kovalevskaya, Ekaterina"]
[Result "0-1"]
[WhiteElo "2350"]
[BlackElo "2480"]

1.d4 Nf6 2.c4 g6 3.Nc3 Bg7 4.e4 O-O 5.Be2 d6 6.Nf3 e5 7.O-O Nbd7 8.Be3 c6
9.d5 c5 10.Ne1 a6 11.a3 Ne8 12.g4 f5 13.exf5 gxf5 14.gxf5 Ndf6 15.Bd3 b5
16.cxb5 axb5 17.Nxb5 e4 18.Be2 Bxf5 19.Kh1 Qd7 20.Rg1 Kh8 21.a4 Qb7 22.Bc4 Nd7
23.Qd2 Ne5 24.Be2 Bg6 25.Ng2 Nd3 26.Nf4 Rxf4 27.Bxf4 Qxd5 28.Nc3 Qb7 29.Bxd3 e3+
30.Rg2 exd2 31.Bxg6 hxg6  0-1

[Event "Asia-ch"]
[Site "Teheran"]
[Date "1998.08.15"]
[Round "2"]
[White "Ghorbani, Mohsen"]
[Black "Saltaev, Mihail"]
[Result "1-0"]
[WhiteElo "2430"]
[BlackElo "2525"]

1.d4 Nf6 2.Nf3 g6 3.c4 d6 4.Nc3 Nbd7 5.e4 e5 6.Be2 Bg7 7.O-O O-O 8.Be3 c6
9.d5 c5 10.Nd2 Ne8 11.a3 Kh8 12.Kh1 b6 13.g4 Rb8 14.Rg1 Rb7 15.Rg3 Ndf6 16.Qg1 Ng8
17.Nf3 f6 18.Nh4 Ne7 19.Bd3 Bd7 20.b4 a6 21.Rb1 Qc8 22.a4 Qc7 23.Qd1 Bc8
24.Rg1 Ng8 25.Qd2 Rf7 26.Nf3 Bf8 27.Ne1 Ng7 28.Nf3 Be7 29.Qe2 Bd8 30.Rb2 Rf8
31.Nd2 Qf7 32.f4 exf4 33.Bxf4 Rd7 34.Qg2 Ne8 35.Nf3 Qg7 36.Nd1 Nh6 37.Ne3 Nf7
38.Rb3 Ne5 39.Be2 Qe7 40.Bg3 Ng7 41.Be1 Qe8 42.Nxe5 fxe5 43.Rf1 Rxf1+ 44.Nxf1 Ra7
45.a5 Rb7 46.Ra3 cxb4 47.Bxb4 Qe7 48.axb6 Rxb6 49.Bc3 Ne8 50.Ra1 Nf6 51.c5 dxc5
52.Nd2 Bc7 53.Rf1 Kg7 54.h3 Nd7 55.g5 Rb8 56.Qg3 Bb7 57.Bg4 Qxg5 58.h4 Qe7
59.Bxd7 Rf8 60.Rxf8 Kxf8 61.Be6 Ke8 62.Nf3 Qf6 63.Kg2  1-0

[Event "ARG-ch97"]
[Site "Villa Martelli"]
[Date "1998.08.15"]
[Round "9"]
[White "Slipak, Sergio"]
[Black "Sorin, Ariel"]
[Result "1/2-1/2"]
[WhiteElo "2500"]
[BlackElo "2470"]

1.d4 Nf6 2.Nf3 g6 3.c4 Bg7 4.Nc3 O-O 5.e4 d6 6.Be2 e5 7.O-O Nbd7 8.Qc2 c6
9.d5 c5 10.a3 Nh5 11.g3 Nb8 12.Be3 f5 13.exf5 Bxf5 14.Qd2 Nf6 15.Ng5 Qe7
16.f3 h6 17.Nge4 g5 18.g4 Bxe4 19.fxe4 Nbd7 20.Rf5 Nh7 21.Nb5 Rf6 22.Qa5 b6
23.Qa6 Rxf5 24.gxf5 Ndf6 25.Nc3 g4 26.a4 Nh5 27.Bxg4 Nf4 28.Kh1 Kh8 29.Rg1 Rg8
30.a5 Bf8 31.Qc8 Qh4 32.f6 Nxf6 33.Bf3 Bg7 34.Qf5 Rf8 35.Bxf4 exf4 36.Qg6 Rg8
37.e5 Qf2 38.exf6 Qxf3+ 39.Qg2 Qxg2+ 40.Rxg2 Bxf6 41.Rxg8+ Kxg8 42.axb6 axb6
43.Kg2 Bxc3 44.bxc3 Kg7 45.Kf3 Kg6  1/2-1/2

[Event "Wch (Men) U26"]
[Site "Rotterdam"]
[Date "1998.08.16"]
[Round "5"]
[White "Watanabe, Akira"]
[Black "Tzermiadianos, Andreas"]
[Result "1/2-1/2"]
[WhiteElo "2350"]
[BlackElo "2465"]

1.d4 Nf6 2.c4 g6 3.Nc3 Bg7 4.e4 d6 5.Be2 O-O 6.Nf3 e5 7.Be3 exd4 8.Nxd4 Re8
9.f3 c6 10.Qd2 d5 11.exd5 cxd5 12.O-O Nc6 13.c5 Bf8 14.Nxc6 bxc6 15.Bd4 Nd7
16.b4 Rb8 17.a3 a5 18.Rab1 axb4 19.axb4 Ne5 20.Qf4 Bg7 21.Rfd1 g5 22.Qg3 Bf5
23.Rb2 Ng6 24.Qf2 Nf4 25.Bf1 Bxd4 26.Rxd4 Qf6 27.Rbd2 Ne6 28.b5 Nxd4 29.Rxd4 Qe7
30.bxc6 Qxc5 31.Rxd5 Qxc3 32.Rxf5 h6 33.Rc5 Qe1 34.Qxe1 Rxe1 35.Kf2 Re7 36.Bd3 Rc7
37.Be4 Kg7 38.Kg3 Re8 39.h4 f6 40.hxg5 fxg5 41.Kf2 Kf6 42.g4 Re5 43.Rc1 Ke7
44.Rb1 Re6 45.Bd5 Rf6 46.Be4 Ke6 47.Rb5 Ke7 48.Rb7 Kd6 49.Ke3 Rf8 50.Kd4 Ra8
51.Rb5 Ra4+ 52.Ke3 Re7 53.Rb7 Ra2 54.Kd4 Ra3 55.Rb8 Ra4+ 56.Ke3 Kc5 57.Rh8 Ra3+
58.Kf2 Ra2+ 59.Kg3 Ra3  1/2-1/2

[Event "Wch (Women) U26"]
[Site "Rotterdam"]
[Date "1998.08.17"]
[Round "6"]
[White "Dubinka, Inna"]
[Black "Werner, Veronika"]
[Result "1-0"]
[WhiteElo "2325"]
[BlackElo "2245"]

1.d4 Nf6 2.c4 g6 3.Nc3 Bg7 4.e4 d6 5.Nf3 O-O 6.Be2 e5 7.O-O exd4 8.Nxd4 Re8
9.f3 Nh5 10.g4 Nf6 11.Bg5 h6 12.Bh4 Nc6 13.Nc2 Ne5 14.Ne3 c6 15.Bf2 Qe7 16.h3 h5
17.f4 hxg4 18.hxg4 Nexg4 19.Bxg4 Nxe4 20.Nxe4 Qxe4 21.Qf3 Bxb2 22.Rae1 Qxf3
23.Bxf3 Bd4 24.Ng4 Bxf2+ 25.Kxf2 Bxg4 26.Bxg4 Kg7 27.Rxe8 Rxe8 28.Re1 Rxe1
29.Kxe1 Kf6 30.Ke2 Ke7 31.Ke3 b6 32.Bf3 Kd7 33.Kd4 a6 34.a4 Kc7 35.Be2 Kd7
36.Ke4 a5 37.Kd4 Ke6 38.Bf3 Kd7 39.Be4 Kc7 40.Bd3 Kd7 41.Bc2 Ke7 42.Bb3 Kf6
43.Ke4 Ke7 44.Kf3 Kf6 45.Kg4 Kg7 46.Kg5 f6+ 47.Kg4 Kf8 48.Bc2 Kf7 49.f5 gxf5+
50.Kxf5 Ke7 51.Bb3 Kd7 52.Kxf6 d5 53.cxd5 cxd5 54.Bc2 Kd6 55.Bd3 Kc5 56.Ke5 d4
57.Bb5  1-0

[Event "GER-ENG (Women)"]
[Site "Dresden"]
[Date "1998.08.18"]
[Round "3"]
[White "Sheldon, Ruth"]
[Black "Weng, Annegret"]
[Result "1/2-1/2"]
[WhiteElo "2220"]
[BlackElo "2175"]

1.d4 Nf6 2.c4 g6 3.Nc3 Bg7 4.e4 d6 5.Be2 O-O 6.Nf3 e5 7.d5 a5 8.Bg5 h6 9.Bh4 Na6
10.Nd2 Qe8 11.O-O Nh7 12.a3 Bd7 13.b4 g5 14.Bg3 axb4 15.axb4 Nxb4 16.Qb3 c5
17.dxc6 Nxc6 18.Qxb7 Rb8 19.Qc7 Qe6 20.Nb5 Rfc8 21.Qxd6  1/2-1/2